भारतीय विदेश नीति (Record no. 1010336)
[ view plain ]
| 000 -LEADER | |
|---|---|
| fixed length control field | 00853nam a2200253Ia 4500 |
| 003 - CONTROL NUMBER IDENTIFIER | |
| control field | OSt |
| 005 - DATE AND TIME OF LATEST TRANSACTION | |
| control field | 20221005103559.0 |
| 008 - FIXED-LENGTH DATA ELEMENTS--GENERAL INFORMATION | |
| fixed length control field | 221004b |||||||| |||| 00| 0 hin d |
| 037 ## - SOURCE OF ACQUISITION | |
| Terms of availability | Textual |
| 040 ## - CATALOGING SOURCE | |
| Original cataloging agency | CRL |
| Transcribing agency | CRL |
| Language of cataloging | hin |
| 041 ## - LANGUAGE CODE | |
| Source of code | hin |
| Language code of text/sound track or separate title | hin |
| 100 ## - MAIN ENTRY--PERSONAL NAME | |
| Personal name | घई, यू आर |
| 9 (RLIN) | 164378 |
| 245 #0 - TITLE STATEMENT | |
| Title | भारतीय विदेश नीति |
| 246 ## - VARYING FORM OF TITLE | |
| Title proper/short title | Bhāratīya videsh nīti |
| 260 ## - PUBLICATION, DISTRIBUTION, ETC. | |
| Place of publication, distribution, etc. | जालन्धर |
| Name of publisher, distributor, etc. | न्यू एकेडेमिक पब्लिशिंग कम्पनी भारत |
| Date of publication, distribution, etc. | 1991 |
| 300 ## - PHYSICAL DESCRIPTION | |
| Extent | 597पृ. |
| Dimensions | cm. |
| 700 ## - ADDED ENTRY--PERSONAL NAME | |
| Personal name | घई, के के |
| 9 (RLIN) | 164378 |
| 942 ## - ADDED ENTRY ELEMENTS (KOHA) | |
| Classification part | V2:191.N7, 152M0 |
| Koha item type | Textual |
| Source of classification or shelving scheme | |
| Withdrawn status | Lost status | Damaged status | Not for loan | Home library | Current library | Date acquired | Total Checkouts | Full call number | Barcode | Date last seen | Price effective from | Koha item type |
|---|---|---|---|---|---|---|---|---|---|---|---|---|
| Central Library | Central Library | 2022-10-05 | V2:191.N7 152M0 | BL0000422 | 2022-10-05 | 2022-10-05 | Textual |
